000 01287nam a22003617a 4500
003 CHAP
005 20220817043238.0
008 971013s1986 r 00010 d
010 _a69482
011 _a70454
035 _a79935
040 _cCHAP
090 _aTesis
100 0 0 _aPacheco Mercado, Marino.
_984569
245 _aDiagnóstico para la determinación de zonas de alta siniestralidad en el área de influencia del Distrito de Desarrollo Rural 033 Chihuahua
260 _aChihuahua, Chih. :
_bEl autor,
_c1986
300 _a[47] p.
500 _a34-137
502 _aTesis (Ing. Agrónomo esp. en Zonas Aridas) -- UACH. Departamento de Zonas Aridas
590 _aALEPH
_b10
_c20130110
_lUCH01
_h1408
590 _aBATCH-UPD
_b10
_c20130110
_lUCH01
_h0823
590 _aBATCH-UPD
_b10
_c20130410
_lUCH01
_h0501
590 _aBATCH-UPD
_b10
_c20130914
_lUCH01
_h1121
590 _aCONVERSION
_b10
_c20130109
_lUCH01
_h1338
650 1 4 _aCultivos
_xZonas de
_xChihuahua.
_930341
650 1 4 _aSeguro agrícola
_xChihuahua.
_9103696
710 0 _aUACH. Departamento de Zonas Aridas.
901 _aBK
942 _cFOLL
949 _bBC
_cTES
_d-32826
_eTS1
_h22004
_i79935
_si
949 _bBC
_cTES
_d-94841
_eTS2
_fc.2
_h22277
_i79935
_si
949 _bZA
_cTESBD
_d-5330
_eTS1
_i79935
_si
999 _c69482
_d69482